01119 2200385 4500001002100000005001500021035002000036007000300056008004100059040001700100100003900117245010300156250000900259300003600268020002200304041000800326082001000334084001600344090002000360260003000380600003100410700002600441850001000467990002400477990002400501990002400525990002400549990002200573990002200595990002200617990002400639990002400663990002400687990002200711INLIS00000000000212120260603102239 a0010-0120000564ta260603 0  aSBPUPADbind0 aForum Komunikasi Kuliner Indonesia1 aSoto Nikmat Dari Indonesia Untuk Dunia /cForum Komunikasi Kuliner Indonesia;Editor:Dwi Prabantini aEd.1 axii, 240 hlm. :bilus. ;c23 cm a978-979-29-7022-7 aind a641.4 a641.4 FOR s a746 END i T15-4 aYogyakarta :bAndi,c2018 4aKesejahteraan Rumah Tangga0 aEditor:Dwi Prabantini aPUPAD a34.199/DAK/DPK/2019 a34.200/DAK/DPK/2019 a34.201/DAK/DPK/2019 a34.202/DAK/DPK/2019 a35.796/s/DPK/2021 a35.798/s/DPK/2021 a35.799/s/DPK/2021 a34.199/DAK/DPK/2019 a34.200/DAK/DPK/2019 a34.201.DAK/DPK/2019 a35.797/s/DPK/2021